Bülten /

Saved in:
Bibliographic Details
New Title:Abant İzzet Baysal Üniversitesi haber bülteni.
Corporate Author: Abant İzzet Baysal Üniversitesi.
Format: Journal
Language:Turkish
Published: Bolu : Üniversite,
Subjects:
Tags: Add Tag
No Tags, Be the first to tag this record!
LEADER 00905nas a2200265 a 4500
001 012016349-7
005 20090630193351.0
008 090630d199u200utu qr p 0||| 0tur d
035 0 |a ocn542321869 
043 |a a-tu--- 
050 1 4 |a LF5250.B65  |b A1 
110 2 |a Abant İzzet Baysal Üniversitesi. 
245 1 0 |a Bülten /  |c Abant İzzet Baysal Üniversitesi. 
260 |a Bolu :  |b Üniversite, 
300 |a v. :  |b col. ill. ;  |c 29 cm. 
310 |a Quarterly 
362 1 |a Ceased in 2001 or 2002. 
500 |a Description based on: Yıl 8, sayı 65 (Ağustos 2001); title from cover. 
500 |a Latest issue consulted: Yıl 8, sayı 66 (Aralık 2001). 
610 2 0 |a Abant İzzet Baysal Üniversitesi  |v Periodicals. 
650 0 |a Universities and colleges  |z Turkey  |v Periodicals. 
752 |a Turkey  |d Bolu. 
785 0 0 |t Abant İzzet Baysal Üniversitesi haber bülteni. 
988 |a 20090630 
906 |0 MH